000 00475nam a22001817a 4500
003 CEME
005 20210628202741.0
008 210122b xxu||||| |||| 00| 0 eng d
020 _a0-7506-6528-9
040 _cceme
082 _a745.5 DEM
100 _aDemouthe, Jean Frances
_961422
245 _aNatural materials sources, properties, and uses
260 _aNEW YORK
_bELSEVIER
_c2006
300 _aXIV.309 P
650 _aNATURAL MATERIALS
_961423
942 _cBK
_2ddc
999 _c570880
_d570880